[Event "Challenge"]
[Site "http://www.queenalice.com/game.php?id=1622394"]
[Date "2020.7.31"]
[Round "-"]
[White "Nicole63"]
[Black "montelo"]
[Result "0-1"]
[WhiteElo "1058"]
[BlackElo "2153"]

1. d4 e6 2. e4 Qh4 3. Nf3 Qxe4+ 4. Qe2 Qc6 5. Ne5 Qd6 6. Qe3 Nc6 7. Ng4 Nxd4 8.
Bd3 b6 9. Nc3 Ba6 10. Bxa6 Nxc2+ 11. Kf1 Nxe3+ 12. Nxe3 Be7 13. Bc4 Qd4 14. f3
Bg5 15. Kf2 Bxe3+ 16. Kg3 Qf4+ 17. Kh3 Qf5+ 18. g4 Qxf3+ 19. Kh4 Bf2+ 20. Kg5
h6+ 21. Kh5 g6# 0-1

[Event "Challenge"]
[Site "http://www.queenalice.com/game.php?id=1623722"]
[Date "2020.8.13"]
[Round "-"]
[White "montelo"]
[Black "Francisco333"]
[Result "1-0"]
[WhiteElo "2155"]
[BlackElo "991"]

1. e4 e5 2. Qf3 Nf6 3. Nc3 c6 4. Qg3 a5 5. Qxe5+ Be7 6. Qg3 O-O 7. d3 d6 8. Be2
Nbd7 9. Bh6 Nh5 10. Bxh5 b5 11. Qxg7# 1-0

[Event "Challenge"]
[Site "http://www.queenalice.com/game.php?id=1623723"]
[Date "2020.8.13"]
[Round "-"]
[White "Francisco333"]
[Black "montelo"]
[Result "0-1"]
[WhiteElo "987"]
[BlackElo "2158"]

1. e4 e5 2. c3 Qf6 3. Nf3 Nc6 4. Be2 Qg6 5. O-O Be7 6. d3 d6 7. Be3 Bh3 8. Bg5
Bxg5 9. gxh3 O-O-O 10. d4 exd4 11. cxd4 Re8 12. Bd3 Be3+ 13. Kh1 Nxd4 14. Nxd4
Bxd4 15. Qc1 Qh5 16. Nd2 Qxh3 17. Qe1 Qxd3 18. a4 Bxb2 19. Ra2 Bf6 20. f3 d5 21.
Ra1 Bxa1 22. Rf2 Bd4 23. Rg2 Nf6 24. Rxg7 Nxe4 25. fxe4 Bxg7 26. h4 dxe4 27.
Nxe4 Rxe4 28. Qc1 Qf3+ 29. Kg1 Qg3+ 30. Kf1 Qf3+ 31. Kg1 Rg4+ 32. Kh2 Qg2# 0-1

[Event "Challenge"]
[Site "http://www.queenalice.com/game.php?id=1624943"]
[Date "2020.8.25"]
[Round "-"]
[White "montelo"]
[Black "cpessoa"]
[Result "1-0"]
[WhiteElo "2159"]
[BlackElo "1001"]

1. e4 e5 2. Qf3 Qh4 3. Bc4 Nh6 4. d3 Bb4+ 5. c3 Bc5 6. Bxh6 gxh6 7. Qxf7+ Kd8 8.
g3 Qe7 9. Qf3 Rf8 10. Qe2 Rxf2 11. Qh5 Qf7 12. Bxf7 c6 13. Bg8 Rxb2 14. Qxe5
Bf2+ 15. Kd1 Be3 16. Qh8 Kc7 17. c4 1-0

[Event "Challenge"]
[Site "http://www.queenalice.com/game.php?id=1625839"]
[Date "2020.9.3"]
[Round "-"]
[White "montelo"]
[Black "Nicole63"]
[Result "1-0"]
[WhiteElo "2169"]
[BlackElo "1140"]

1. e4 e5 2. Qf3 Bc5 3. Bc4 Qe7 4. Nc3 Nf6 5. Nb5 c6 6. Nc7+ Kd8 7. Nxa8 d6 8.
Qg3 Nxe4 9. Qxg7 Re8 10. d3 Bb4+ 11. c3 Bc5 12. dxe4 b5 13. Bxf7 Na6 14. Bg5 Rf8
15. Bh5 Bxf2+ 16. Ke2 Bb7 17. Bxe7+ Kc8 18. Bg4+ Kb8 19. Bxd6+ Kxa8 20. Qxf8+
Nb8 21. Qxb8# 1-0

[Event "Challenge"]
[Site "http://www.queenalice.com/game.php?id=1627067"]
[Date "2020.9.15"]
[Round "-"]
[White "Carlos19"]
[Black "montelo"]
[Result "0-1"]
[WhiteElo "908"]
[BlackElo "2166"]

1. e4 e5 2. g3 Qf6 3. Qf3 b6 4. Qxf6 Nxf6 5. d3 Bc5 6. Bg5 Ng4 7. Bh3 Bxf2+ 8.
Kf1 Bd4 9. c3 Ne3+ 10. Ke2 Nc2 11. cxd4 exd4 12. Nf3 Nxa1 13. Nxd4 c5 14. Nf5
O-O 15. Nc3 Nc2 16. Ne7+ Kh8 17. Bg2 Bb7 18. Bf4 Nc6 19. Nxc6 Bxc6 20. h4 f6 21.
Rf1 f5 22. h5 fxe4 23. Bxe4 Rfe8 24. Kd2 Nb4 25. a3 Na6 26. Bxc6 dxc6 27. Re1
Rxe1 28. Kxe1 Re8+ 29. Kd2 Rd8 30. Kc2 Kg8 31. Ne4 Kf7 32. Ng5+ Kg8 33. Ne6 Re8
34. Ng5 Re2+ 35. Kc3 h6 36. Ne4 Kf7 37. Nd6+ Kf6 38. Ne4+ Kf5 39. Nd6+ Kg4 40.
Ne8 Rxe8 41. Bd6 Kxh5 42. b4 Kg4 43. Bf4 Re1 44. bxc5 Nxc5 45. Kc4 Rd1 46. Bb8
Rc1+ 47. Kd4 a6 48. Bc7 Ne6+ 49. Ke5 Nxc7 50. Kd6 Nb5+ 51. Kd7 Nxa3 52. Kc7 b5
53. Kb6 b4 54. Kxa6 b3 0-1

[Event "Challenge"]
[Site "http://www.queenalice.com/game.php?id=1627068"]
[Date "2020.9.15"]
[Round "-"]
[White "montelo"]
[Black "Carlos19"]
[Result "1-0"]
[WhiteElo "2165"]
[BlackElo "908"]

1. e4 e5 2. Qf3 Qf6 3. Qc3 c6 4. d3 b6 5. Nf3 a5 6. a3 h5 7. Bg5 Qd6 8. Nxe5 Nf6
9. Qc4 Qxe5 10. Bxf6 gxf6 11. g3 Ba6 12. Qb3 f5 13. Bg2 d5 14. f3 Bg7 15. Qxb6
Qxb2 16. Qxb2 Bxb2 17. Ra2 Be5 18. O-O O-O 19. exf5 Bd4+ 20. Kh1 Re8 21. f4 Re2
22. Bf3 Re7 23. Bxh5 Nd7 24. Nd2 Rb8 25. Nb3 Bh8 26. g4 f6 27. Nd4 Rb6 28. Raa1
Nc5 29. Rfe1 Rh7 30. Re8+ Kg7 31. Rae1 Rb7 32. Nxc6 Rc7 33. Ne7 d4 34. Rg8+ Kh6
35. Rg6# 1-0

[Event "Challenge"]
[Site "http://www.queenalice.com/game.php?id=1628527"]
[Date "2020.9.29"]
[Round "-"]
[White "jamesxirb"]
[Black "montelo"]
[Result "1-0"]
[WhiteElo "1227"]
[BlackElo "2175"]

1. e4 e5 2. d4 Nc6 3. c3 Qf6 4. d5 Bc5 5. Qd2 a5 6. f3 b5 7. Bxb5 Na7 8. Ba4 Qb6
9. Qg5 g6 10. Qxe5+ Be7 11. Qxh8 Kf8 12. Bh6+ Ke8 13. Qxg8+ Bf8 14. Qxf8# 1-0

[Event "Challenge"]
[Site "http://www.queenalice.com/game.php?id=1628587"]
[Date "2020.9.30"]
[Round "-"]
[White "montelo"]
[Black "BB_chess"]
[Result "1-0"]
[WhiteElo "2171"]
[BlackElo "1080"]

1. e4 e5 2. Qf3 Nf6 3. Nc3 Nc6 4. Bb5 Nd4 5. Qd3 c6 6. Ba4 Bc5 7. Bb3 O-O 8.
Nce2 Nxb3 9. axb3 Qb6 10. Nh3 d5 11. O-O Bg4 12. Nc3 1-0

[Event "Challenge"]
[Site "http://www.queenalice.com/game.php?id=1628588"]
[Date "2020.9.30"]
[Round "-"]
[White "BB_chess"]
[Black "montelo"]
[Result "0-1"]
[WhiteElo "1078"]
[BlackElo "2172"]

1. d4 e6 2. c4 c6 3. Nf3 Qb6 4. b3 Nf6 5. Nc3 Bb4 6. Qd2 Ne4 7. Qb2 Nxc3 8. a3
Na4+ 9. Qd2 Bxd2+ 10. Bxd2 Qxb3 11. e4 Qb2 12. Rd1 Qxa3 0-1

[Event "Challenge"]
[Site "http://www.queenalice.com/game.php?id=1630602"]
[Date "2020.10.22"]
[Round "-"]
[White "montelo"]
[Black "LordMikaeus"]
[Result "0-1"]
[WhiteElo "2152"]
[BlackElo "1100"]

1. e4 e5 2. Qf3 Qf6 3. Qc3 c6 4. Bc4 b5 5. Bxb5 Ba6 6. Ba4 Nh6 7. f3 Bd6 8. Nh3
O-O 9. d3 Qh4+ 10. Nf2 Bb5 11. g3 Qe7 12. Bxb5 Bb4 13. Bxh6 Bxc3+ 14. bxc3 cxb5
15. Bc1 Na6 16. Ba3 b4 17. cxb4 Nxb4 18. Kd1 Qc5 19. Bxb4 Qxb4 20. Nd2 Qb2 21.
Nc4 Qxa1+ 22. Kd2 Qxa2 23. Nxe5 Qa5+ 24. Ke2 Qxe5 25. f4 Qc3 26. Kd1 Rac8 27.
Ke2 Qxc2+ 28. Kf3 a5 29. Ra1 a4 30. h4 Rc3 31. Ke3 a3 32. Nd1 Qxd3+ 33. Kf2 Qf3+
34. Ke1 Rc2 35. Ne3 Qxe3+ 36. Kf1 Qf2# 0-1

[Event "Challenge"]
[Site "http://www.queenalice.com/game.php?id=1630603"]
[Date "2020.10.22"]
[Round "-"]
[White "LordMikaeus"]
[Black "montelo"]
[Result "1-0"]
[WhiteElo "1100"]
[BlackElo "2152"]

1. e3 e5 2. Qf3 Nf6 3. Bd3 e4 4. Bxe4 d5 5. Bf5 g6 6. Bxc8 Ne4 7. Bg4 g5 8. d3
Nf6 9. Bc8 Bg7 10. Bxb7 Nc6 11. Bxc6+ Nd7 12. Bxa8 Qxa8 13. Nh3 h6 14. Nc3 O-O
15. Qxd5 Qxd5 16. Nxd5 c6 17. Ne7+ Kh7 18. Nxc6 a6 19. O-O Rc8 20. Ne7 Rxc2 21.
f4 g4 22. Rf2 Rc5 23. d4 Rh5 24. a4 gxh3 25. gxh3 Rxh3 26. b4 Bf8 27. Nd5 Rh5
28. e4 Bg7 29. Be3 Kh8 30. b5 Nc5 31. e5 Rh3 32. dxc5 Kg8 33. bxa6 Kh7 34. a7
Rh5 35. a8=Q Rh4 36. Nf6+ Kg6 37. c6 Bxf6 38. exf6 Kxf6 39. Qd8+ Kf5 40. Qxh4
Ke4 41. Rb1 Kxe3 42. Rb3+ Ke4 43. Qe7+ Kf5 44. Qe5+ Kg4 45. Rg3+ Kh4 46. Qf6+
Kh5 47. Qf5+ Kh4 48. Qg4# 1-0